| 000 | 01377nam a22002177a 4500 | ||
|---|---|---|---|
| 003 | OSt | ||
| 005 | 20250728161820.0 | ||
| 008 | 240208s1993 ag ||||| |||| 00| 0 spa d | ||
| 020 | _a9505341571 | ||
| 040 | _cbesoc | ||
| 100 | 1 |
_aBustinza, Juan Antonio _eautor |
|
| 245 | 1 | 0 |
_aHistoria 4 : _bInstituciones americanas: Prehispánicas y coloniales : Sociedad y economía / _cJuan Antonio Bustinza ; con la colaboración de Patricia Bustinza |
| 250 | _a3a ed. | ||
| 260 |
_aBuenos Aires : _bA-Z editora, _c1993 |
||
| 300 | _a260 p. | ||
| 490 | 0 | _aSerie Plata | |
| 505 | 0 | _a1. América Indígena: Poblamiento Americano -- Área cultural mesoamericana -- Área cultural andina -- 2. Una aventura llamada América -- La mirada puesta en el Atlántico -- Choque de culturas -- 3. El imperio Hispánico en Indias -- Instituciones de gobierno -- Evangelización -- 4. Economía política en el nuevo mundo -- El producto de la tierra -- El comercio bajo los Habsburgo -- Las reformas borbónicas -- 5. Sociedad y cultura hispanoamericana -- La cultura de la conquista -- 6. El fin de la dominación Española -- El Imperio Hispánico se desmorona -- 7. América Portuguesa y Británica -- Colonización del Brasil -- Colonización de América del Norte. | |
| 650 | 4 |
_aPrehistoria _zAmérica _zEspaña _zColonización |
|
| 700 | 1 |
_aBustinza, Patricia _ecolaborador |
|
| 942 |
_2udc _cLPD _n0 |
||
| 999 |
_c189 _d189 |
||